Sexualidad, género y roles sexuales
Uloženo v:
| Hlavní autor: | |
|---|---|
| Další autoři: | |
| Médium: | Kniha |
| Jazyk: | španělština |
| Vydáno: |
Buenos Aires
Fondo de Cultura Económica
1999
|
| Vydání: | 1a. ed |
| Edice: | Un Nuevo Saber. Los Estudios de Mujeres, 2
|
| Témata: | |
| Tagy: |
Přidat tag
Žádné tagy, Buďte první, kdo vytvoří štítek k tomuto záznamu!
|
MARC
| LEADER | 00000nam a2200000 a 4500 | ||
|---|---|---|---|
| 001 | UCL7072 | ||
| 003 | CL-VaPUC | ||
| 005 | 20220722141541.0 | ||
| 008 | 040430e19990000AG |||||||||||||||||spa|d | ||
| 999 | |c 308935 |d 308933 | ||
| 020 | |a 9505573391 | ||
| 040 | |c Pontificia Universidad Católica de Valparaíso | ||
| 082 | 0 | 4 | |a 305.3 |b NAV |2 21 |
| 100 | 1 | |a Navarro, Marysa |e compiladora |9 861702 | |
| 245 | 1 | 0 | |a Sexualidad, género y roles sexuales |
| 250 | |a 1a. ed | ||
| 260 | |a Buenos Aires |b Fondo de Cultura Económica |c 1999 | ||
| 300 | |a 262 p | ||
| 490 | 0 | |a Un Nuevo Saber. Los Estudios de Mujeres, 2 | |
| 583 | |a last modification |c 20040430 00:00:00 |k Rodrigo Vera | ||
| 650 | 0 | |a Discriminación sexual |9 313877 | |
| 650 | 0 | |a Mujeres |9 257649 | |
| 650 | 0 | |a Cambio social |9 256857 | |
| 700 | |a Stimpson, Catharine R. |e compiladora |9 873733 | ||
| 942 | |c BK |2 ddc | ||
| 945 | |d 20040430 00:00:00 |a cmena | ||
| 952 | |0 0 |1 0 |4 0 |6 305_300000000000000_NAV_1999 |7 0 |8 A |9 375917 |a BIBGIM |b BIBGIM |d 2019-11-21 |i 4012909 |l 1 |o 305.3 NAV 1999 |p 4012909 |r 2025-01-15 |s 2024-05-16 |w 2019-11-21 |y BK |k SSL | ||
| 952 | |0 0 |1 0 |4 0 |6 305_300000000000000_NAV_1999 |7 0 |8 A |9 375918 |a BIBCUR |b BIBCUR |d 2019-11-21 |i 419280K |o 305.3 NAV 1999 |p 419280K |r 2025-04-22 |w 2019-11-21 |y BK |k PER | ||